| 000 | 00000nam 2200000zi 4500 |
| 001 | 9.941580 |
| 003 | CaOODSP |
| 005 | 20250122143521 |
| 006 | m o d f |
| 007 | cr cn||||||||| |
| 008 | 240807e20240426quc ob f000 0 fre d |
| 020 | |a9780660730608|q(rapport d'évaluation) |
| 020 | |a9780660730615|q(sommaire) |
| 040 | |aCaOODSP|bfre|erda|cCaOODSP |
| 043 | |an-cn--- |
| 086 | 1 |aCH7-73/1-2024F-PDF |
| 086 | 1 |aCH7-73/2-2024F-PDF |
| 245 | 00|aÉvaluation de l'Initiative de journalisme local, 2019-2020 à 2021-2022. |
| 264 | 1|a[Gatineau, Québec] : |bPatrimoine canadien = Canadian Heritage, |c26 avril 2024. |
| 264 | 4|c©2024 |
| 300 | |a1 ressource en ligne (ii, iii, 49 pages) + |esommaire (2 pages non numérotées) |
| 336 | |atexte|btxt|2rdacontent/fre |
| 337 | |ainformatique|bc|2rdamedia/fre |
| 338 | |aressource en ligne|bcr|2rdacarrier/fre |
| 500 | |aPublié aussi en anglais sous le titre : Evaluation of the Local Journalism Initiative 2019-20 to 2021-22. |
| 504 | |aComprend des références bibliographiques. |
| 520 | |a« Le présent document contient le rapport final de l’évaluation de l’Initiative de journalisme local (IJL). L’IJL soutient la création d’un journalisme civique original qui répond aux besoins diversifiés des communautés mal desservies du Canada. Pour préserver l’indépendance de la presse, sept organismes sans but lucratif représentant différents segments de l’industrie de l’information administrent l’IJL. À leur tour, ces organismes administrateurs (OA) financent un ensemble d’organisations médiatiques canadiennes » -- Sommaire exécutif, page 1. |
| 610 | 16|aCanada. |bPatrimoine canadien|xÉvaluation. |
| 650 | 6|aJournalisme|zCanada|xFinances. |
| 650 | 6|aPresse|xAspect économique|zCanada. |
| 710 | 1 |aCanada. |bPatrimoine canadien. |bServices d'évaluation, |eorganisme de publication. |
| 775 | 08|tEvaluation of the Local Journalism Initiative 2019-20 to 2021-22.|w(CaOODSP)9.941581 |
| 856 | 40|qPDF|s1.31 Mo|uhttps://publications.gc.ca/collections/collection_2025/pch/CH7-73-1-2024-fra.pdf|zRapport |
| 856 | 40|qPDF|s2.00 Mo|uhttps://publications.gc.ca/collections/collection_2025/pch/CH7-73-2-2024-fra.pdf|zSommaire |
| 856 | 4 |qHTML|sS.O.|uhttps://www.canada.ca/fr/patrimoine-canadien/organisation/publications/evaluations/evaluation-initiative-journalisme-2022.html|zRapport |
| 856 | 4 |qHTML|sS.O.|uhttps://www.canada.ca/fr/patrimoine-canadien/organisation/publications/evaluations/evaluation-initiative-journalisme-2022/sommaire.html|zSommaire |